[Event "V Open Escacs Xàtiva"]
[Site "Xàtiva, Spain"]
[Date "2019.07.21"]
[Round "9.17"]
[White "Porras Boronat, German"]
[Black "Ecija Molina, Juan"]
[Result "1-0"]
[WhiteElo "1463"]
[BlackElo "1379"]
[PlyCount "47"]
[EventDate "2019.??.??"]

1. e4 {[%clk 01:30:56]} 1... e6 {[%clk 01:30:19]  [%emt 00:00:43]} 2. d4 {
[%clk 01:31:16]  [%emt 00:00:09]} 2... d5 {[%clk 01:30:12]  [%emt 00:00:42]} 3.
Nc3 {[%clk 01:31:36]  [%emt 00:00:04]} 3... Bb4 {
[%clk 01:29:22]  [%emt 00:01:42]} 4. e5 {[%clk 01:31:54]  [%emt 00:00:04]} 4...
a6 {[%clk 01:27:01]  [%emt 00:02:54]} 5. a3 {[%clk 01:31:00]  [%emt 00:01:08]}
5... Bxc3+ {[%clk 01:27:17]  [%emt 00:00:12]} 6. bxc3 {
[%clk 01:31:23]  [%emt 00:00:33]} 6... b5 {[%clk 01:26:16]  [%emt 00:01:17]} 7.
Qg4 {[%clk 01:25:55]  [%emt 00:06:05]} 7... g6 {
[%clk 01:24:13]  [%emt 00:02:16]} 8. a4 {[%clk 01:21:35]  [%emt 00:04:52]} 8...
c6 {[%clk 01:18:28]  [%emt 00:06:33]} 9. axb5 {[%clk 01:20:53]  [%emt 00:00:50]
} 9... cxb5 {[%clk 01:18:50]  [%emt 00:00:29]} 10. Bxb5+ {
[%clk 01:21:07]  [%emt 00:00:06]} 10... Bd7 {[%clk 01:19:12]  [%emt 00:00:03]}
11. Bxd7+ {[%clk 01:19:49]  [%emt 00:02:12]} 11... Nxd7 {
[%clk 01:18:12]  [%emt 00:01:00]} 12. Qe2 {[%clk 01:15:39]  [%emt 00:05:10]}
12... Qc8 {[%clk 01:16:54]  [%emt 00:01:17]} 13. Qd3 {
[%clk 01:14:56]  [%emt 00:01:15]} 13... Nb6 {[%clk 01:16:20]  [%emt 00:01:02]}
14. Nf3 {[%clk 01:14:54]  [%emt 00:00:31]} 14... Ne7 {
[%clk 01:14:23]  [%emt 00:02:27]} 15. Nd2 {[%clk 01:07:41]  [%emt 00:07:45]}
15... O-O {[%clk 01:12:59]  [%emt 00:02:01]} 16. h4 {
[%clk 00:59:17]  [%emt 00:08:44]} 16... Ra7 {[%clk 01:02:16]  [%emt 00:11:13]}
17. Nb3 {[%clk 00:56:58]  [%emt 00:02:49]} 17... f5 {
[%clk 00:58:01]  [%emt 00:05:16]} 18. Nc5 {[%clk 00:54:08]  [%emt 00:02:58]}
18... Nc4 {[%clk 00:58:06]  [%emt 00:00:20]} 19. h5 {
[%clk 00:48:45]  [%emt 00:06:09]} 19... f4 {[%clk 00:47:23]  [%emt 00:10:55]}
20. Qh3 {[%clk 00:43:40]  [%emt 00:05:32]} 20... Rf5 {
[%clk 00:37:01]  [%emt 00:11:00]} 21. hxg6 {[%clk 00:39:51]  [%emt 00:04:12]}
21... Nxg6 {[%clk 00:36:46]  [%emt 00:01:14]} 22. Rxa6 {
[%clk 00:38:57]  [%emt 00:00:54]} 22... Raf7 {[%clk 00:26:50]  [%emt 00:10:26]}
23. Rxe6 {[%clk 00:37:51]  [%emt 00:01:34]} 23... Rg5 {
[%clk 00:23:20]  [%emt 00:04:04]} 24. Rxg6+ {[%clk 00:37:49]  [%emt 00:00:46]}
1-0

[Event "V Open Escacs Xàtiva"]
[Site "Xàtiva, Spain"]
[Date "2019.07.21"]
[Round "9.18"]
[White "Lagardera Ventura, Jose Luis"]
[Black "Simon Morales, Miguel Angel"]
[Result "1-0"]
[WhiteElo "926"]
[BlackElo "1418"]
[PlyCount "91"]
[EventDate "2019.??.??"]

1. Nf3 {[%clk 01:30:55]  [%emt 00:00:08]} 1... Nf6 {
[%clk 01:14:18]  [%emt 00:16:39]} 2. g3 {[%clk 01:31:17]  [%emt 00:00:08]} 2...
d5 {[%clk 01:14:25]  [%emt 00:00:24]} 3. d4 {[%clk 01:31:38]  [%emt 00:00:12]}
3... e6 {[%clk 01:13:42]  [%emt 00:01:10]} 4. Bg2 {
[%clk 01:31:51]  [%emt 00:00:16]} 4... Nbd7 {[%clk 01:13:31]  [%emt 00:00:43]}
5. O-O {[%clk 01:32:08]  [%emt 00:00:10]} 5... c5 {
[%clk 01:13:18]  [%emt 00:00:42]} 6. e3 {[%clk 01:31:10]  [%emt 00:01:29]} 6...
Bd6 {[%clk 01:11:02]  [%emt 00:02:47]} 7. Nbd2 {
[%clk 01:30:03]  [%emt 00:01:38]} 7... cxd4 {[%clk 01:10:14]  [%emt 00:01:17]}
8. Nxd4 {[%clk 01:29:42]  [%emt 00:00:55]} 8... Nb6 {
[%clk 01:09:09]  [%emt 00:01:41]} 9. Re1 {[%clk 01:27:49]  [%emt 00:02:13]}
9... Be5 {[%clk 01:03:19]  [%emt 00:06:21]} 10. c3 {
[%clk 01:25:05]  [%emt 00:03:13]} 10... O-O {[%clk 01:00:37]  [%emt 00:03:12]}
11. e4 {[%clk 01:22:31]  [%emt 00:03:06]} 11... Bxd4 {
[%clk 01:00:42]  [%emt 00:00:28]} 12. cxd4 {[%clk 01:22:37]  [%emt 00:00:19]}
12... Bd7 {[%clk 00:59:19]  [%emt 00:01:54]} 13. e5 {
[%clk 01:19:51]  [%emt 00:03:16]} 13... Ne8 {[%clk 00:58:22]  [%emt 00:01:27]}
14. Qg4 {[%clk 01:17:06]  [%emt 00:03:15]} 14... f5 {
[%clk 00:56:43]  [%emt 00:02:09]} 15. exf6 {[%clk 01:15:01]  [%emt 00:02:36]}
15... Nxf6 {[%clk 00:55:17]  [%emt 00:01:54]} 16. Qe2 {
[%clk 01:15:23]  [%emt 00:00:09]} 16... Qe8 {[%clk 00:51:22]  [%emt 00:04:24]}
17. Bh3 {[%clk 01:11:46]  [%emt 00:04:14]} 17... e5 {
[%clk 00:36:54]  [%emt 00:14:51]} 18. Bxd7 {[%clk 01:10:03]  [%emt 00:02:14]}
18... Qxd7 {[%clk 00:35:53]  [%emt 00:01:29]} 19. dxe5 {
[%clk 01:09:55]  [%emt 00:00:45]} 19... Rae8 {[%clk 00:32:51]  [%emt 00:05:10]}
20. e6 {[%clk 01:03:18]  [%emt 00:05:23]} 20... Qd6 {
[%clk 00:33:03]  [%emt 00:00:18]} 21. Qe5 {[%clk 01:00:50]  [%emt 00:02:57]}
21... Qxe5 {[%clk 00:32:59]  [%emt 00:00:35]} 22. Rxe5 {
[%clk 01:01:18]  [%emt 00:00:04]} 22... Ng4 {[%clk 00:32:22]  [%emt 00:01:08]}
23. Re2 {[%clk 01:00:12]  [%emt 00:01:33]} 23... Rf6 {
[%clk 00:29:24]  [%emt 00:03:39]} 24. h3 {[%clk 00:58:19]  [%emt 00:02:11]}
24... Nh6 {[%clk 00:29:36]  [%emt 00:00:19]} 25. Nb3 {
[%clk 00:56:08]  [%emt 00:02:40]} 25... Rfxe6 {[%clk 00:29:49]  [%emt 00:00:18]
} 26. Rxe6 {[%clk 00:56:08]  [%emt 00:00:55]} 26... Rxe6 {[%clk 00:30:12]} 27.
Nc5 {[%clk 00:56:29]} 27... Re1+ {[%clk 00:30:05]  [%emt 00:00:27]} 28. Kg2 {
[%clk 00:56:46]  [%emt 00:00:14]} 28... d4 {[%clk 00:29:41]  [%emt 00:00:54]}
29. b3 {[%clk 00:56:52]  [%emt 00:00:23]} 29... Nd5 {
[%clk 00:29:17]  [%emt 00:01:04]} 30. Bb2 {[%clk 00:56:53]  [%emt 00:00:19]}
30... Rxa1 {[%clk 00:28:26]  [%emt 00:01:20]} 31. Bxa1 {[%clk 00:57:21]} 31...
Nc3 {[%clk 00:28:39]  [%emt 00:00:20]} 32. Ne6 {
[%clk 00:56:09]  [%emt 00:01:42]} 32... Nxa2 {[%clk 00:26:49]  [%emt 00:02:24]}
33. Bxd4 {[%clk 00:56:37]} 33... g6 {[%clk 00:22:58]  [%emt 00:04:19]} 34. Bxa7
{[%clk 00:55:29]  [%emt 00:01:37]} 34... Kf7 {[%clk 00:22:53]  [%emt 00:00:36]}
35. Nd8+ {[%clk 00:55:33]  [%emt 00:00:25]} 35... Ke7 {
[%clk 00:22:50]  [%emt 00:00:37]} 36. Nxb7 {[%clk 00:55:50]  [%emt 00:00:10]}
36... Kd7 {[%clk 00:22:46]  [%emt 00:00:37]} 37. Nc5+ {
[%clk 00:56:04]  [%emt 00:00:14]} 37... Kc6 {[%clk 00:22:54]  [%emt 00:00:21]}
38. Ne4 {[%clk 00:55:34]  [%emt 00:01:00]} 38... Ng8 {
[%clk 00:22:24]  [%emt 00:01:03]} 39. Be3 {[%clk 00:54:06]  [%emt 00:01:55]}
39... Kd5 {[%clk 00:20:03]  [%emt 00:02:53]} 40. Kf3 {
[%clk 00:53:06]  [%emt 00:01:28]} 40... Ne7 {[%clk 00:19:22]  [%emt 00:01:12]}
41. Nf6+ {[%clk 00:53:01]  [%emt 00:00:37]} 41... Ke5 {
[%clk 00:19:19]  [%emt 00:00:32]} 42. Nxh7 {[%clk 00:52:59]  [%emt 00:01:12]}
42... Nd5 {[%clk 00:19:15]} 43. Ng5 {[%clk 00:49:20]  [%emt 00:04:03]} 43...
Nxe3 {[%clk 00:18:56]  [%emt 00:00:47]} 44. fxe3 {
[%clk 00:49:23]  [%emt 00:00:28]} 44... Nc3 {[%clk 00:17:38]  [%emt 00:01:52]}
45. g4 {[%clk 00:47:51]  [%emt 00:02:00]} 45... Kf6 {
[%clk 00:16:53]  [%emt 00:01:12]} 46. Ne4+ {[%clk 00:48:10]  [%emt 00:00:11]}
1-0